Sports Quiz

Random Sports or WWE Quiz
Score 0/15 Timer 03:00
0 Plays Today
Finish Wrestler % Correct
Runner upKurt Angle
85.6%
WinnerEddie Guerrero
83.4%
8th eliminatedThe Big Show
79.1%
7th eliminatedJohn Cena
77%
3rd eliminatedBradshaw
62.5%
10th eliminatedShelton Benjamin
56.2%
9th eliminatedCharlie Haas
55.2%
13th eliminatedRikishi
47.1%
Finish Wrestler % Correct
11th eliminatedHardcore Holly
46.6%
2nd eliminatedTajiri
42.4%
12th eliminatedBilly Gunn
39.8%
5th eliminatedRhyno
38.8%
6th eliminatedA-Train
34.3%
4th eliminatedNunzio
27.3%
1st eliminatedErnest Miller
24.5%

You're not logged in!

Compare scores with friends on all Sporcle quizzes.
OR
Log In

Sporcle TV

Today on Sporcle TV


Watch our educational content, quiz creation guides, and fun videos on Sporcle TV.

Show Comments

Extras

Top Quizzes Today


Score Distribution

Paid Content

Your Account Isn't Verified!

In order to create a playlist on Sporcle, you need to verify the email address you used during registration. Go to your Sporcle Settings to finish the process.

Report this User

Report this user for behavior that violates our Community Guidelines.

Details: